000 00839nam a2200253 4500
005 20260322212049.0
008 data
010 _a 78127300
020 _a0060122315
020 _a9780060122317
040 _aDLC
_cDLC
_dCtY
050 0 _aRJ503
_b.J67
096 _aWS 105.5 J792a 1971
100 1 _aJosselyn, Irene Milliken,
_d1904-1978.
245 1 0 _aAdolescence;
_ba report published under the auspices of the Joint Commission on Mental Health of Children,
_cIrene Milliken Josselyn & Joint Commission on Mental Health of Children.
250 _a[1st ed.]
260 0 _aNew York,
_bHarper & Row
_c[1971]
300 _aviii, 213 p.
_c22 cm.
504 _aBibliography: p. 198-205.
650 0 _aAdolescent psychiatry.
650 0 _aAdolescent psychology.
710 2 _aJoint Commission on Mental Health of Children.
001 data
999 _c1150
_d1150